000 00597nam a22001937a 4500
005 20250704104336.0
010 _aENG-103512 ENG-145632
020 _a9788179662717
_c100.00
035 _aEN-87045
035 _aEN-129164
037 _bDBAD/PUB
082 _a808.84
100 _aRamya,S. V.
_982569
245 _aOne hundred four (104) advanced essays on current topics /
_cby S V Ramya
260 _aChennai
_bEmerald Publishers
_c2010
270 _a15A,First Floor,Casa Major Road Egmore,
_bChennai
_e60008
300 _a254p.
_c22cm (pbk)
942 _2ddc
_cEN
_mRAM
_h808.84
999 _c55735
_d55735